01815nam a2200253uu 4500001000800000005001700008007001000025008004100035035001200076040001300088041000800101080000800109100003900117245006300156260004300219300001700262520114600279650003401425650003101459650001101490700004001501502001201541526000801553119792720260507135253.0cr|||||||100426e20100426 spa  a1197927 ccomduadb aspa aPMC10aRíos Arias, Juan David4auteaut10aIngeniería de mantenimiento en Cristalería Peldar S.A. aMedellín :b[sin publicador],c2010. a84 páginas3 aUno de los campos de acción de la ingeniería mecánica, es el área de mantenimiento, que representa para muchas compañías en la industria el departamento de mayor importancia, puesto que es éste quien se encarga de preservar y garantizar una correcta y constante operación en equipos, que no perjudiquen ni alteren las actividades productivas, implementando diferentes metodologías y actividades asociadas a la gestión y administración del mantenimiento. Bajo este orden de ideas, para un ingeniero en formación el tener su primer contacto con el departamento de mantenimiento mecánico, le proporciona una visión globalizada de lo que significa la ingeniería mecánica como tal, pudiendo establecer de esta manera, las relaciones entre los conceptos teóricos y los conceptos reales, y las afinidades en cuanto a áreas específicas de la ingeniería. En el siguiente trabajo, se exponen las diferentes actividades realizadas en la Compañía Cristalería Peldar S.A, como proceso de formación académica y práctica profesional, encaminadas a una evolución trascendental como ingeniero mecánico. aIngeniería de mantenimiento aPeldar (Empresa Comercial) aVidrio10aMoreno Sánchez, Ricardo4thseths b176c17 a178